| 000 | 00591nam a2200205Ia 4500 | ||
|---|---|---|---|
| 005 | 20250508151901.0 | ||
| 008 | 008 250505s9999 xx 000 0 hin d | ||
| 037 | _aTextual | ||
| 040 |
_aFEDL _beng _cFEDL |
||
| 041 |
_ahin _2eng |
||
| 084 |
_a371.4, SAV _qFEDL |
||
| 100 |
_aSevlekar U. R. _9760257 |
||
| 245 | 0 | _aWardha shikshan paddhati | |
| 260 |
_aPune, India _bS. Da. Chitley _c1950 |
||
| 300 | _a188p. | ||
| 650 |
_aEducational - Guideance and Counseling _9757599 |
||
| 700 |
_a Chowdhary L. B. _9760258 |
||
| 942 |
_cTEXL _h371.4, SAV |
||
| 999 |
_c1332709 _d1332709 |
||